=LDR 00000nam 2200000 4500 =001 INLIS000000000028890 =005 20130612131150 =008 ***********************************Ind** =035 ##$$0010-061300000028890 =041 ##$$a Ind =082 ##$$a 813 =090 ##$$a 813, Pra m =100 ##$$a Pranoto, Ki Agung =245 ##$$a Melukis angin menjaring cahaya, Ki Agung Pranoto =260 ##$$a 2000 $b Jakarta =300 ##$$a 330 hlm, ilus, 21 cm =650 ##$$a Fiksi Dewasa =850 ##$$a NBPNMAT